[Event "Junior Online 4NCL Division 4"]
[Site "online"]
[Date "2021.01.21"]
[Round "1.136"]
[White "Mallick, Ismail"]
[Black "Agarwal, Mihir"]
[Result "0-1"]
[WhiteElo "1075"]
[BlackElo "1098"]
[PlyCount "70"]
[EventDate "2021.01.21"]
[WhiteTeam "Wimbledon Juniors A"]
[BlackTeam "The Hall 3"]

1. e4 e5 2. Nf3 Nc6 3. d4 Bb4+ 4. c3 Bd6 5. Bg5 Nf6 6. Bb5 exd4 7. Nxd4 Nxd4 8.
cxd4 Bb4+ 9. Nc3 Bxc3+ 10. bxc3 h6 11. Bf4 Nxe4 12. O-O Nxc3 13. Re1+ Kf8 14.
Qb3 Nxb5 15. Qxb5 c6 16. Bd6+ Kg8 17. Qb3 Qf6 18. Ba3 d6 19. Qc2 Bf5 20. Qc3 c5
21. Bb2 Qg6 22. dxc5 dxc5 23. Re7 Be4 24. f3 Bf5 25. Kh1 h5 26. Rae1 f6 27.
Qxc5 Rc8 28. Qb5 h4 29. Qxb7 Rf8 30. Rd1 h3 31. g4 Bxg4 32. fxg4 Qxg4 33. Rdd7
Rh7 34. Bxf6 Rxf6 35. Qxa7 Qg2# 0-1

[Event "Junior Online 4NCL Division 4"]
[Site "online"]
[Date "2021.01.21"]
[Round "1.137"]
[White "Kohli, Aryan"]
[Black "Doorduin, Lara"]
[Result "1-0"]
[WhiteElo "1083"]
[BlackElo "1073"]
[PlyCount "49"]
[EventDate "2021.01.21"]
[WhiteTeam "The Hall 3"]
[BlackTeam "Wimbledon Juniors A"]

1. d4 d5 2. Bf4 Nc6 3. e3 Bf5 4. c3 Nf6 5. Bd3 Bxd3 6. Qxd3 g6 7. Nf3 Bh6 8.
Bxh6 Qd6 9. Bg7 Rg8 10. Bxf6 Qxf6 11. O-O g5 12. Qxh7 g4 13. Qxg8+ Kd7 14.
Qxg4+ Kd6 15. Nbd2 Rf8 16. e4 dxe4 17. Nxe4+ Kd5 18. Nxf6+ Kd6 19. Ne4+ Kd5 20.
Qf5+ Kc4 21. Qc5+ Kd3 22. Ng3 Kc2 23. Qf5+ Kxb2 24. Qb1+ Kxc3 25. Rc1# 1-0

[Event "Junior Online 4NCL Division 4"]
[Site "online"]
[Date "2021.01.21"]
[Round "1.138"]
[White "Shan-Muhammad, Rohan"]
[Black "Payne, Luca"]
[Result "1-0"]
[WhiteElo "1068"]
[BlackElo "1032"]
[PlyCount "75"]
[EventDate "2021.01.21"]
[WhiteTeam "Wimbledon Juniors A"]
[BlackTeam "The Hall 3"]

1. e4 e5 2. Nf3 Nc6 3. Bc4 Bc5 4. b4 Bxb4 5. c3 Bc5 6. d4 exd4 7. cxd4 Bb4+ 8.
Bd2 Nf6 9. Bxb4 Nxb4 10. Qb3 a5 11. Nc3 O-O 12. O-O b6 13. Ne5 d6 14. Nxf7 Ne8
15. Nxd8+ Kh8 16. Nf7+ Kg8 17. Ng5+ Kh8 18. Be6 Bxe6 19. Nxe6 Rf6 20. Nb5 c6
21. Nbc7 Nxc7 22. Nxc7 Rc8 23. Ne6 Re8 24. Ng5 h6 25. Nf3 Rxe4 26. a3 Nd5 27.
Qc4 Ne7 28. Qa6 Nd5 29. Qc8+ Kh7 30. Qxc6 Nf4 31. Qxe4+ Ng6 32. Nh4 a4 33. Nxg6
Rxg6 34. Rab1 b5 35. Rxb5 d5 36. Rxd5 h5 37. Rxh5+ Kg8 38. Qe8# 1-0

[Event "Junior Online 4NCL Division 4"]
[Site "online"]
[Date "2021.01.21"]
[Round "1.141"]
[White "Bass, Finn"]
[Black "Johnston, Alexander"]
[Result "0-1"]
[WhiteElo "894"]
[BlackElo "1464"]
[PlyCount "75"]
[EventDate "2021.01.21"]
[WhiteTeam "Rhodes Avenue Rooks"]
[BlackTeam "Forest Hall Juniors"]

1. d4 d5 2. c4 c6 3. Nc3 Nf6 4. Bf4 Bf5 5. Nf3 e6 6. e3 Nbd7 7. cxd5 cxd5 8.
Nb5 Qa5+ 9. Qd2 Qxd2+ 10. Kxd2 Bb4+ 11. Ke2 O-O 12. a3 Be7 13. Rc1 a6 14. Nd6
Bxd6 15. Bxd6 Rfc8 16. Rxc8+ Rxc8 17. Kd1 Bc2+ 18. Kc1 Bb3+ 19. Kb1 Ne4 20. Bd3
Nxd6 21. Rc1 Rxc1+ 22. Kxc1 Ne4 23. Bxe4 dxe4 24. Nd2 Bd5 25. Kc2 b5 26. Kc3 a5
27. b4 a4 28. g3 f5 29. Kc2 Kf7 30. Kd1 Nb6 31. Ke1 Nc4 32. Nxc4 Bxc4 33. f4 h6
34. Kf2 Kf6 35. Kg2 g5 36. Kh3 Be2 37. Kg2 gxf4 38. exf4 0-1

[Event "Junior Online 4NCL Division 4"]
[Site "online"]
[Date "2021.01.21"]
[Round "1.143"]
[White "Wilson, Donnie"]
[Black "Hutchins, Andrew"]
[Result "0-1"]
[WhiteElo "879"]
[BlackElo "1449"]
[PlyCount "34"]
[EventDate "2021.01.21"]
[WhiteTeam "Rhodes Avenue Rooks"]
[BlackTeam "Forest Hall Juniors"]

1. e4 c5 2. Nf3 e6 3. Nc3 d5 4. e5 f6 5. exf6 Nxf6 6. Bb5+ Nc6 7. Ne5 Qd6 8. f4
a6 9. Nxc6 bxc6 10. Bd3 Qxf4 11. Ne2 Qg4 12. O-O c4 13. h3 Qh5 14. g4 Qxh3 15.
Nf4 Bc5+ 16. Rf2 Qg3+ 17. Kf1 Qxf2# 0-1

[Event "Junior Online 4NCL Division 4"]
[Site "online"]
[Date "2021.01.21"]
[Round "1.144"]
[White "Mohindra, Arun"]
[Black "Brown, Alex"]
[Result "1-0"]
[WhiteElo "1275"]
[BlackElo "799"]
[PlyCount "85"]
[EventDate "2021.01.21"]
[WhiteTeam "Forest Hall Juniors"]
[BlackTeam "Rhodes Avenue Rooks"]

1. d4 e5 2. dxe5 f6 3. exf6 gxf6 4. Nf3 Bc5 5. Nc3 d5 6. Nxd5 Nc6 7. Bf4 Bf5 8.
Nc3 b6 9. Qxd8+ Rxd8 10. Bxc7 Rc8 11. Bf4 Nb4 12. O-O-O Bxf2 13. e4 Be6 14.
Bb5+ Kf8 15. Nd4 Bxa2 16. Nxa2 Nxa2+ 17. Kb1 a6 18. Bxa6 Ra8 19. Ne6+ Ke7 20.
Nc7 Ra7 21. Nd5+ Kd7 22. Nc7+ Kc6 23. Kxa2 Ne7 24. Rd6+ Kxc7 25. Rd2+ Kc6 26.
Rxf2 Rxa6+ 27. Kb3 b5 28. Rd1 Rb8 29. Bxb8 Ng6 30. Rd6+ Kb7 31. Rxa6 Kxa6 32.
Rxf6+ Kb7 33. Bg3 b4 34. Kxb4 Ne7 35. Rf7 Kc8 36. Rxe7 h5 37. c4 h4 38. Bxh4
Kd8 39. g4 Kc8 40. g5 Kd8 41. g6 Kc8 42. g7 Kb8 43. g8=R# 1-0

[Event "Junior Online 4NCL Division 4"]
[Site "online"]
[Date "2021.01.21"]
[Round "1.146"]
[White "O'Connor, Ethan"]
[Black "Wu, Feitong"]
[Result "0-1"]
[WhiteElo "858"]
[BlackElo "1390"]
[PlyCount "50"]
[EventDate "2021.01.21"]
[WhiteTeam "Rhodes Avenue Rooks"]
[BlackTeam "Forest Hall Juniors"]

1. e4 e6 2. d4 d5 3. Nc3 Nf6 4. Bb5+ Bd7 5. Bf1 dxe4 6. Bg5 Be7 7. Bf4 O-O 8.
f3 exf3 9. Qxf3 Nc6 10. Qg3 Nh5 11. Qh3 Nxf4 12. Qh4 Bxh4+ 13. g3 Nxd4 14. gxh4
Qxh4+ 15. Kd1 e5 16. Nf3 Bg4 17. Be2 Nxf3 18. Rf1 Rad8+ 19. Kc1 Nxe2+ 20. Nxe2
Qg5+ 21. Kb1 Nd2+ 22. Kc1 Nb3+ 23. Kb1 Bxe2 24. Re1 Qc1+ 25. Rxc1 Nd2# 0-1

[Event "Junior Online 4NCL Division 4"]
[Site "online"]
[Date "2021.01.21"]
[Round "1.147"]
[White "Hutchins, Andrew"]
[Black "Wilson, Donnie"]
[Result "0-1"]
[WhiteElo "1449"]
[BlackElo "879"]
[PlyCount "100"]
[EventDate "2021.01.21"]
[WhiteTeam "Forest Hall Juniors"]
[BlackTeam "Rhodes Avenue Rooks"]

1. d4 Nc6 2. e4 e5 3. d5 Nb4 4. a3 Na6 5. Bxa6 bxa6 6. Ne2 Qf6 7. O-O c6 8. c4
cxd5 9. cxd5 Be7 10. f4 exf4 11. Rxf4 Bc5+ 12. Kh1 Qh6 13. Rxf7 Kxf7 14. Bxh6
Nxh6 15. Nbc3 Ng4 16. Qf1+ Nf2+ 17. Kg1 Ke8 18. b4 Nh3+ 19. Kh1 Nf2+ 20. Qxf2
Bxf2 21. Rf1 Rf8 22. d6 Bd4 23. Rc1 Bxc3 24. Nxc3 Bb7 25. b5 Rc8 26. h3 axb5
27. Ne2 Rxc1+ 28. Nxc1 Bxe4 29. Ne2 Rf1+ 30. Kh2 Bd3 31. Ng3 Ra1 32. Nh5 g6 33.
Nf6+ Kd8 34. Nxh7 Rxa3 35. Ng5 b4 36. Nf7+ Ke8 37. Ne5 b3 38. Nxd3 a5 39. Kg3
a4 40. Kg4 Ra2 41. g3 b2 42. Nxb2 Rxb2 43. h4 a3 44. Kg5 Rg2 45. g4 a2 46. h5
a1=Q 47. hxg6 Qe5+ 48. Kh6 Rxg4 49. Kh7 Qxd6 50. g7 Qg6+ 0-1

[Event "Junior Online 4NCL Division 4"]
[Site "online"]
[Date "2021.01.21"]
[Round "1.148"]
[White "Brown, Alex"]
[Black "Mohindra, Arun"]
[Result "0-1"]
[WhiteElo "799"]
[BlackElo "1275"]
[PlyCount "48"]
[EventDate "2021.01.21"]
[WhiteTeam "Rhodes Avenue Rooks"]
[BlackTeam "Forest Hall Juniors"]

1. e4 e6 2. Bc4 d5 3. exd5 exd5 4. Bb5+ Nc6 5. Bd3 Nf6 6. Nf3 Bg4 7. Ng5 Bxd1
8. Kxd1 Bd6 9. Re1+ Be5 10. Bb5 Qe7 11. f4 Ng4 12. Rf1 Bd6 13. h3 Nh2 14. Rf2
a6 15. Bd3 Bxf4 16. Rxf4 Qxg5 17. g3 Qxg3 18. Rf1 Nxf1 19. Bxf1 Qg1 20. Ke2
Qh2+ 21. Bg2 Qxg2+ 22. Ke1 O-O-O 23. d4 Rde8+ 24. Kd1 Qe2# 0-1

[Event "Junior Online 4NCL Division 4"]
[Site "online"]
[Date "2021.01.21"]
[Round "1.151"]
[White "Toth, Nandor"]
[Black "Cancedda-Dupuis, Livio"]
[Result "1/2-1/2"]
[WhiteElo "1264"]
[BlackElo "1289"]
[PlyCount "182"]
[EventDate "2021.01.21"]
[WhiteTeam "St James Primary"]
[BlackTeam "JHJ Shark Tank 6"]

1. e4 g6 2. d4 Bg7 3. Nf3 d5 4. exd5 Nf6 5. c4 O-O 6. Bd3 c6 7. Nc3 cxd5 8.
cxd5 Nxd5 9. Nxd5 Qxd5 10. Be3 Nc6 11. Bc2 e5 12. dxe5 Qxd1+ 13. Rxd1 Bg4 14.
Be4 Rad8 15. Rxd8 Rxd8 16. h3 Bxf3 17. Bxf3 Bxe5 18. O-O Rd7 19. Bxc6 bxc6 20.
b3 f5 21. f4 Bd4 22. Bxd4 Rxd4 23. g3 Rd3 24. Kg2 Kf7 25. Rc1 Rd2+ 26. Kf3 Rd6
27. h4 Kf6 28. Rc5 h5 29. Ra5 Rd7 30. Ra6 Rc7 31. a4 Ke7 32. Ke3 Kd6 33. Kd4
Rb7 34. Kc4 Re7 35. Ra5 Re4+ 36. Kd3 Rb4 37. Kc3 Re4 38. Rxa7 Re3+ 39. Kc4 Rxg3
40. a5 Rg4 41. Kd3 Rxf4 42. a6 Rxh4 43. Rb7 Rh1 44. Rg7 Ra1 45. Rxg6+ Kc5 46.
b4+ Kxb4 47. Rxc6 Kb5 48. Rh6 Rxa6 49. Rxh5 Rf6 50. Ke3 Kc5 51. Kf4 Kd6 52.
Rxf5 Re6 53. Kg5 Ke7 54. Kf4 Rc6 55. Kg5 Rb6 56. Rf4 Rb3 57. Re4+ Kd6 58. Rf4
Ke5 59. Rf5+ Ke6 60. Rf6+ Ke7 61. Rf5 Rb1 62. Re5+ Kd6 63. Rf5 Ke6 64. Rf6+ Ke7
65. Rf5 Ke6 66. Rf6+ Ke5 67. Rf5+ Ke4 68. Rf4+ Ke3 69. Rf5 Rd1 70. Re5+ Kf3 71.
Rf5+ Kg3 72. Re5 Rd3 73. Re4 Rd5+ 74. Kf6 Kf3 75. Re5 Rd4 76. Rf5+ Kg4 77. Rg5+
Kh4 78. Rg1 Rd5 79. Ke6 Ra5 80. Kf6 Ra6+ 81. Kf5 Ra8 82. Kf4 Rf8+ 83. Ke4 Re8+
84. Kd5 Rd8+ 85. Kc6 Rc8+ 86. Kd7 Rc3 87. Ke6 Re3+ 88. Kf5 Rf3+ 89. Ke4 Ra3 90.
Rh1+ Rh3 91. Rxh3+ Kxh3 1/2-1/2

[Event "Junior Online 4NCL Division 4"]
[Site "online"]
[Date "2021.01.21"]
[Round "1.152"]
[White "Sisupalan, Beni"]
[Black "Crichton, Finlay"]
[Result "1/2-1/2"]
[WhiteElo "1314"]
[BlackElo "1116"]
[PlyCount "118"]
[EventDate "2021.01.21"]
[WhiteTeam "JHJ Shark Tank 6"]
[BlackTeam "St James Primary"]

1. e4 e5 2. Nf3 Nc6 3. Bc4 Bc5 4. d3 h6 5. Nc3 Nf6 6. Be3 d6 7. Bxc5 dxc5 8.
Qd2 Bg4 9. Qe3 Nd4 10. Nxd4 cxd4 11. Qg3 dxc3 12. Qxe5+ Qe7 13. Qxc3 O-O 14.
O-O c5 15. f3 Bd7 16. Rfe1 b5 17. Bb3 c4 18. dxc4 bxc4 19. Qxc4 a6 20. Rad1 Bb5
21. Qc3 Rac8 22. Qe3 Qc5 23. Qxc5 Rxc5 24. Kf2 a5 25. a3 a4 26. Bd5 Rxc2+ 27.
Kg3 Rxb2 28. e5 Nxd5 29. Rxd5 Bc6 30. Rc5 Bb7 31. Rec1 Re8 32. Re1 g5 33. Rc4
h5 34. h3 Rb3 35. Rxa4 Rb5 36. Rb4 Rxb4 37. axb4 Kg7 38. h4 gxh4+ 39. Kxh4 Kg6
40. Kg3 f6 41. e6 Re7 42. b5 Bd5 43. Kf4 Bxe6 44. b6 Kf7 45. Kg3 Rb7 46. Rb1
Kg6 47. Kh4 Bf5 48. Rb2 Be6 49. Rb5 Bc4 50. Rxh5 Rxb6 51. Rc5 Bf1 52. g4 Rb4
53. Rc8 Bg2 54. Kg3 Bh1 55. Rc3 Kg5 56. Rc5+ Kg6 57. Rc1 Bxf3 58. Kxf3 f5 59.
Rc6+ Kg5 1/2-1/2

[Event "Junior Online 4NCL Division 4"]
[Site "online"]
[Date "2021.01.21"]
[Round "1.153"]
[White "Harle Smith, Joseph"]
[Black "Agbota, Fenu"]
[Result "0-1"]
[WhiteElo "1032"]
[BlackElo "1300"]
[PlyCount "86"]
[EventDate "2021.01.21"]
[WhiteTeam "St James Primary"]
[BlackTeam "JHJ Shark Tank 6"]

1. e4 e5 2. Nf3 Nf6 3. Nxe5 d6 4. Nf3 Nxe4 5. Qe2 Qe7 6. d3 Nf6 7. Qxe7+ Bxe7
8. Be2 O-O 9. O-O Nc6 10. Nc3 Nb4 11. Nd4 c5 12. a3 cxd4 13. Nb5 Nc6 14. c3
dxc3 15. Nxc3 Bg4 16. f3 Bh5 17. Bg5 h6 18. Bh4 Nd4 19. Bd1 Rfe8 20. Bf2 Ne6
21. Bb3 Nc5 22. Nb5 Nxb3 23. Rae1 Nd2 24. Nc7 Rac8 25. Rc1 Nxf1 26. Kxf1 Bd8
27. Bxa7 Rxc7 28. Rxc7 Bxc7 29. Bd4 Ba5 30. b4 Bc7 31. a4 Bd8 32. a5 Nd5 33. a6
Bh4 34. Bf2 Bxf2 35. Kxf2 bxa6 36. Kg3 Rb8 37. Kh4 Bg6 38. Kg4 Rxb4+ 39. Kg3 a5
40. Kf2 Bxd3 41. Ke1 Rb2 42. Kd1 Nc3+ 43. Kc1 Rc2# 0-1

[Event "Junior Online 4NCL Division 4"]
[Site "online"]
[Date "2021.01.21"]
[Round "1.154"]
[White "Bryant, Amelie"]
[Black "Tang, Ismini"]
[Result "0-1"]
[WhiteElo "1315"]
[BlackElo "866"]
[PlyCount "94"]
[EventDate "2021.01.21"]
[WhiteTeam "JHJ Shark Tank 6"]
[BlackTeam "St James Primary"]

1. d4 d5 2. Nc3 Nf6 3. Bg5 h6 4. Bxf6 exf6 5. e3 Nc6 6. Bd3 Bb4 7. Nf3 Bg4 8.
h3 Bh5 9. Be2 O-O 10. O-O Bd6 11. e4 dxe4 12. Nxe4 Bf4 13. d5 Ne5 14. Nxe5 Bxe2
15. Qxe2 fxe5 16. Nc3 Qg5 17. g3 Bxg3 18. fxg3 Qxg3+ 19. Qg2 Qe3+ 20. Rf2 Rad8
21. Raf1 Rd6 22. Qf3 Rg6+ 23. Kh1 Qc5 24. Ne4 Qe7 25. c4 c6 26. b3 cxd5 27.
cxd5 Qd7 28. Nc5 Qb5 29. Na4 Rd6 30. Rd2 e4 31. Qg2 Rxd5 32. Nc3 Rxd2 33. Qxg7+
Kxg7 34. Nxb5 a6 35. Nc3 Re8 36. Rg1+ Kh7 37. Re1 e3 38. Kg1 f6 39. a4 f5 40.
Kf1 f4 41. h4 f3 42. b4 Rf2+ 43. Kg1 Rg8+ 44. Kh1 e2 45. Ne4 Rf1+ 46. Rxf1
exf1=Q+ 47. Kh2 Qg2# 0-1

[Event "Junior Online 4NCL Division 4"]
[Site "online"]
[Date "2021.01.21"]
[Round "1.155"]
[White "Cancedda-Dupuis, Livio"]
[Black "Toth, Nandor"]
[Result "1-0"]
[WhiteElo "1289"]
[BlackElo "1264"]
[PlyCount "61"]
[EventDate "2021.01.21"]
[WhiteTeam "JHJ Shark Tank 6"]
[BlackTeam "St James Primary"]

1. Nf3 d5 2. d4 Nf6 3. c4 e6 4. cxd5 exd5 5. Nc3 Bb4 6. g3 Ne4 7. Bd2 Nxd2 8.
Qxd2 Bg4 9. Bg2 c6 10. Qf4 Bxf3 11. Bxf3 Qa5 12. Qe5+ Kf8 13. O-O Nd7 14. Qe3
Bxc3 15. bxc3 Re8 16. Qd2 g6 17. Rfe1 Kg7 18. e4 dxe4 19. Bxe4 Nf6 20. Bg2
Rxe1+ 21. Rxe1 Qh5 22. Re5 Qh6 23. f4 Ng4 24. h3 Nxe5 25. dxe5 f6 26. Qd7+ Kf8
27. exf6 g5 28. Qe7+ Kg8 29. f7+ Kg7 30. f8=Q+ Kg6 31. Qef7# 1-0

[Event "Junior Online 4NCL Division 4"]
[Site "online"]
[Date "2021.01.21"]
[Round "1.156"]
[White "Crichton, Finlay"]
[Black "Sisupalan, Beni"]
[Result "0-1"]
[WhiteElo "1116"]
[BlackElo "1314"]
[PlyCount "82"]
[EventDate "2021.01.21"]
[WhiteTeam "St James Primary"]
[BlackTeam "JHJ Shark Tank 6"]

1. e4 e5 2. Nf3 Nc6 3. Nc3 Nf6 4. g3 Bb4 5. d3 d5 6. Bd2 Bxc3 7. Bxc3 dxe4 8.
dxe4 Qxd1+ 9. Rxd1 Nxe4 10. Nxe5 Nxc3 11. Rd3 Nxe5 12. Rxc3 Nc6 13. Re3+ Be6
14. Bc4 Nd4 15. Kd2 O-O-O 16. Bxe6+ fxe6 17. c3 Nf5+ 18. Ke2 Nxe3 19. fxe3 Kd7
20. b4 Kc6 21. a4 b5 22. axb5+ Kxb5 23. Ra1 a6 24. h4 Rd5 25. e4 Re5 26. Kd3
Rd8+ 27. Ke3 c5 28. bxc5 Rxc5 29. Rc1 Rdc8 30. Kd2 Kc4 31. g4 Kb3 32. g5 Rxc3
33. Rxc3+ Rxc3 34. Ke2 a5 35. h5 a4 36. g6 h6 37. e5 a3 38. Kd2 a2 39. Ke2 a1=Q
40. Kd2 Qb2+ 41. Ke1 Rc1# 0-1

[Event "Junior Online 4NCL Division 4"]
[Site "online"]
[Date "2021.01.21"]
[Round "1.157"]
[White "Agbota, Fenu"]
[Black "Harle Smith, Joseph"]
[Result "1-0"]
[WhiteElo "1300"]
[BlackElo "1032"]
[PlyCount "41"]
[EventDate "2021.01.21"]
[WhiteTeam "JHJ Shark Tank 6"]
[BlackTeam "St James Primary"]

1. e4 e6 2. Nc3 Nc6 3. Nf3 Nf6 4. d4 Bd6 5. e5 Nxd4 6. Qxd4 c5 7. Qxd6 Qa5 8.
exf6 gxf6 9. Bd2 Qd8 10. Bb5 b6 11. O-O-O Bb7 12. Rde1 Bxf3 13. gxf3 Rf8 14.
Bh6 Rg8 15. Rhg1 Rh8 16. Re2 e5 17. Rge1 Qc8 18. Nd5 Qd8 19. Rxe5+ fxe5 20.
Rxe5+ Qe7 21. Qxe7# 1-0

[Event "Junior Online 4NCL Division 4"]
[Site "online"]
[Date "2021.01.21"]
[Round "1.158"]
[White "Tang, Ismini"]
[Black "Bryant, Amelie"]
[Result "1-0"]
[WhiteElo "866"]
[BlackElo "1315"]
[PlyCount "49"]
[EventDate "2021.01.21"]
[WhiteTeam "St James Primary"]
[BlackTeam "JHJ Shark Tank 6"]

1. d4 g6 2. Nf3 Bg7 3. Nc3 Nf6 4. Bg5 O-O 5. e4 d6 6. Bc4 Nc6 7. O-O Bg4 8. Be3
e5 9. d5 Na5 10. Bb5 a6 11. Be2 c5 12. Ng5 Bxe2 13. Qxe2 h6 14. Nf3 Qb6 15. b3
Rac8 16. Qd2 Rfe8 17. Bxh6 Bxh6 18. Qxh6 Nh7 19. Ng5 Nxg5 20. Qxg5 Qc7 21. Rae1
b5 22. Re3 c4 23. Rh3 Re7 24. Qf6 Kf8 25. Rh8# 1-0

[Event "Junior Online 4NCL Division 4"]
[Site "online"]
[Date "2021.01.21"]
[Round "1.161"]
[White "Patel, Rohan"]
[Black "Weisfeld, Raphael"]
[Result "0-1"]
[WhiteElo "1140"]
[BlackElo "1030"]
[PlyCount "78"]
[EventDate "2021.01.21"]
[WhiteTeam "Edgware Gambits G"]
[BlackTeam "Tetherdown Knights"]

1. e4 e5 2. Nf3 Nc6 3. Bc4 Bc5 4. O-O Nf6 5. Nc3 O-O 6. d3 h6 7. Be3 Bxe3 8.
fxe3 d6 9. h3 a6 10. a3 b5 11. Bb3 Bb7 12. Nd5 Nxd5 13. Bxd5 Qd7 14. Qd2 Nd8
15. Bxb7 Nxb7 16. d4 exd4 17. Nxd4 Nc5 18. Rf4 Rae8 19. Raf1 Nxe4 20. Qe2 Ng3
21. Qf3 Nxf1 22. Qxf1 Rxe3 23. Qf2 Qe7 24. Kh2 c5 25. Nc6 Qe6 26. b4 cxb4 27.
Nxb4 a5 28. Nc6 a4 29. Nd4 Qe5 30. Nc6 Qe6 31. Nd4 Qe5 32. Nc6 Qe8 33. Nd4 g5
34. Rf5 f6 35. Rxf6 Rxf6 36. Qxf6 Qe5+ 37. Qxe5 Rxe5 38. Nc6 Rc5 39. Ne7+ Kf7
0-1

[Event "Junior Online 4NCL Division 4"]
[Site "online"]
[Date "2021.01.21"]
[Round "1.162"]
[White "Thorburn, Rory"]
[Black "Bengani, Arihant"]
[Result "0-1"]
[WhiteElo "993"]
[BlackElo "1105"]
[PlyCount "38"]
[EventDate "2021.01.21"]
[WhiteTeam "Tetherdown Knights"]
[BlackTeam "Edgware Gambits G"]

1. e4 e5 2. Nf3 Nc6 3. Nc3 Nf6 4. Bc4 Nxe4 5. Nxe4 d5 6. Bb5 dxe4 7. Bxc6+ bxc6
8. Nxe5 Bd6 9. Nxc6 Qf6 10. O-O Qg6 11. d3 Bh3 12. g3 Bxf1 13. Qxf1 O-O 14.
dxe4 Qxe4 15. Na5 Rfe8 16. Bf4 Bxf4 17. gxf4 Re6 18. Nb3 Rg6+ 19. Qg2 Qxg2# 0-1

[Event "Junior Online 4NCL Division 4"]
[Site "online"]
[Date "2021.01.21"]
[Round "1.163"]
[White "Tager, Maya"]
[Black "Murphy, Sam"]
[Result "1/2-1/2"]
[WhiteElo "1037"]
[BlackElo "910"]
[PlyCount "53"]
[EventDate "2021.01.21"]
[WhiteTeam "Edgware Gambits G"]
[BlackTeam "Tetherdown Knights"]

1. e4 e5 2. Nf3 Nc6 3. Bc4 Bc5 4. O-O Nf6 5. Nc3 O-O 6. d3 h6 7. h3 d6 8. Na4
Bb6 9. Nxb6 axb6 10. Be3 Bd7 11. c3 Qe7 12. Qc2 Na5 13. Bb3 Nxb3 14. axb3 Bc6
15. Rfe1 d5 16. exd5 Bxd5 17. Qd1 Nd7 18. c4 Be6 19. d4 Rfd8 20. dxe5 Bf5 21.
Rxa8 Rxa8 22. Nd4 Nxe5 23. Nxf5 Qf6 24. Ng3 Rd8 25. Qe2 Re8 26. Nh5 Qg6 27. Nf4
1/2-1/2

[Event "Junior Online 4NCL Division 4"]
[Site "online"]
[Date "2021.01.21"]
[Round "1.164"]
[White "Cartwright, Ethan"]
[Black "Szajman, Adam"]
[Result "0-1"]
[WhiteElo "956"]
[BlackElo "998"]
[PlyCount "144"]
[EventDate "2021.01.21"]
[WhiteTeam "Tetherdown Knights"]
[BlackTeam "Edgware Gambits G"]

1. e4 e6 2. Nf3 d5 3. e5 f6 4. exf6 Nxf6 5. Bd3 Bd7 6. Ne5 Nc6 7. Nxc6 Bxc6 8.
O-O Qd7 9. Nc3 O-O-O 10. b3 d4 11. Nb1 Bb5 12. Bxb5 Qxb5 13. a4 Qd7 14. Na3 d3
15. cxd3 Qxd3 16. b4 Bxb4 17. Nb5 Bxd2 18. Bxd2 Qxd2 19. Nxa7+ Kb8 20. Qxd2
Rxd2 21. Nb5 Rhd8 22. a5 Rb2 23. Nc3 Rc2 24. Rac1 Rxc1 25. Rxc1 Nd5 26. Nxd5
Rxd5 27. Re1 Rxa5 28. Kf1 Rh5 29. h3 Rh6 30. g4 Rxh3 31. Kg2 Rh6 32. f4 Rf6 33.
Kg3 b5 34. Rb1 c6 35. g5 Rf8 36. Kg4 Re8 37. Kf3 e5 38. Ke3 exf4+ 39. Kxf4 h6
40. Kg4 hxg5 41. Kxg5 Kb7 42. Rb4 Kb6 43. Kg6 c5 44. Rb1 b4 45. Kxg7 Kb5 46.
Kf7 Re2 47. Kf6 c4 48. Kf5 b3 49. Kf4 Kb4 50. Kf3 Re8 51. Kf2 c3 52. Rc1 b2 53.
Rb1 Kb3 54. Re1 c2 55. Rxe8 c1=Q 56. Rb8+ Ka2 57. Ra8+ Kb1 58. Ke2 Qc2+ 59. Ke3
Qc3+ 60. Ke2 Qc4+ 61. Kd2 Qf4+ 62. Kc3 Qf3+ 63. Kd4 Qxa8 64. Ke5 Kc2 65. Kd4
b1=Q 66. Kc5 Qc8+ 67. Kd4 Qd1+ 68. Ke3 Qe8+ 69. Kf2 Qdd7 70. Kf3 Qdf7+ 71. Kg2
Qeg8+ 72. Kh3 Qh5# 0-1

[Event "Junior Online 4NCL Division 4"]
[Site "online"]
[Date "2021.01.21"]
[Round "1.165"]
[White "Weisfeld, Raphael"]
[Black "Patel, Rohan"]
[Result "0-1"]
[WhiteElo "1030"]
[BlackElo "1140"]
[PlyCount "70"]
[EventDate "2021.01.21"]
[WhiteTeam "Tetherdown Knights"]
[BlackTeam "Edgware Gambits G"]

1. e4 e5 2. f4 Nc6 3. Nf3 d6 4. h3 Nf6 5. Nc3 Be6 6. Be2 Be7 7. O-O O-O 8. Ng5
Bd7 9. Bc4 a6 10. a4 h6 11. Nf3 b5 12. axb5 axb5 13. Rxa8 Qxa8 14. Bxb5 Qd8 15.
Bxc6 Bxc6 16. fxe5 dxe5 17. Nxe5 Qd4+ 18. Kh1 Qxe5 19. Qf3 Nxe4 20. Nxe4 Bxe4
21. Qg4 f5 22. d4 fxg4 23. Rxf8+ Kxf8 24. dxe5 gxh3 25. Kg1 hxg2 26. c3 h5 27.
b4 h4 28. Bf4 g5 29. Bxg5 Bxg5 30. c4 h3 31. b5 Bf4 32. c5 h2+ 33. Kf2 h1=Q 34.
Ke2 g1=Q 35. b6 Qgg2# 0-1

[Event "Junior Online 4NCL Division 4"]
[Site "online"]
[Date "2021.01.21"]
[Round "1.166"]
[White "Bengani, Arihant"]
[Black "Thorburn, Rory"]
[Result "0-1"]
[WhiteElo "1105"]
[BlackElo "993"]
[PlyCount "134"]
[EventDate "2021.01.21"]
[WhiteTeam "Edgware Gambits G"]
[BlackTeam "Tetherdown Knights"]

1. e4 e5 2. Nf3 Nc6 3. Bc4 Nh6 4. O-O Be7 5. d4 exd4 6. Nxd4 Nxd4 7. Qxd4 O-O
8. Bxh6 Bf6 9. e5 c5 10. Qxc5 d6 11. Qxd6 Qxd6 12. exd6 Bxb2 13. Nd2 Bxa1 14.
Rxa1 gxh6 15. Bb5 Rd8 16. Ne4 a6 17. Ba4 b5 18. Bb3 Bf5 19. Nf6+ Kg7 20. Nh5+
Kg6 21. Nf4+ Kg5 22. Ne2 Rxd6 23. Bxf7 Rad8 24. h3 Kf6 25. Bh5 Bxc2 26. Rc1 Bd3
27. Nf4 Bc4 28. Bf3 Bxa2 29. Bb7 Bg8 30. Ra1 Rd1+ 31. Rxd1 Rxd1+ 32. Kh2 Ra1
33. Nd5+ Bxd5 34. Bxd5 a5 35. Bc6 b4 36. Kg3 a4 37. Kh4 Kg6 38. f4 b3 39. g4 b2
40. Be4+ Kf6 41. Kh5 b1=Q 42. Bxb1 Rxb1 43. Kxh6 Rh1 44. g5+ Kf5 45. Kxh7 Rxh3+
46. Kg7 Kxf4 47. g6 Rg3 48. Kh7 Rxg6 49. Kxg6 a3 50. Kf6 a2 51. Ke6 a1=Q 52.
Kd5 Qe1 53. Kd4 Qd1+ 54. Kc5 Ke5 55. Kc6 Ke6 56. Kc5 Ke5 57. Kc6 Qd6+ 58. Kb5
Qc7 59. Kb4 Kd5 60. Kb3 Qc4+ 61. Kb2 Kd4 62. Kb1 Kd3 63. Ka1 Kd2 64. Kb2 Qc2+
65. Ka1 Qa4+ 66. Kb1 Kc3 67. Kc1 Qc2# 0-1

[Event "Junior Online 4NCL Division 4"]
[Site "online"]
[Date "2021.01.21"]
[Round "1.167"]
[White "Murphy, Sam"]
[Black "Tager, Maya"]
[Result "1-0"]
[WhiteElo "910"]
[BlackElo "1037"]
[PlyCount "99"]
[EventDate "2021.01.21"]
[WhiteTeam "Tetherdown Knights"]
[BlackTeam "Edgware Gambits G"]

1. d4 d5 2. c4 c6 3. cxd5 cxd5 4. Nc3 e6 5. Nf3 Nf6 6. Bg5 Be7 7. e3 O-O 8. Bd3
g6 9. Ne5 Nbd7 10. Nxd7 Qxd7 11. O-O h6 12. Bxh6 Kh7 13. Bf4 Bd6 14. Bg5 Kg7
15. Qf3 Be7 16. Qh3 Rh8 17. Qf3 Qd6 18. Qg3 Qxg3 19. fxg3 Rh5 20. Bxf6+ Bxf6
21. Be2 Rh8 22. Rf2 Bd7 23. Raf1 Rh7 24. Rxf6 Be8 25. R6f4 f5 26. Rh4 Rxh4 27.
gxh4 Bf7 28. g4 fxg4 29. Bxg4 Rh8 30. Rf4 Rxh4 31. Bd1 Rh8 32. Nb5 a6 33. Nd6
Rf8 34. Nxf7 Rxf7 35. Rxf7+ Kxf7 36. Kf2 Kf6 37. Kf3 b5 38. a4 bxa4 39. Bxa4 g5
40. e4 dxe4+ 41. Kxe4 g4 42. Bd1 Kg5 43. Be2 a5 44. Ke5 Kh4 45. Kxe6 Kh3 46.
Bxg4+ Kxg4 47. d5 a4 48. d6 Kg5 49. d7 Kf4 50. d8=Q 1-0

[Event "Junior Online 4NCL Division 4"]
[Site "online"]
[Date "2021.01.21"]
[Round "1.168"]
[White "Szajman, Adam"]
[Black "Cartwright, Ethan"]
[Result "1-0"]
[WhiteElo "998"]
[BlackElo "956"]
[PlyCount "105"]
[EventDate "2021.01.21"]
[WhiteTeam "Edgware Gambits G"]
[BlackTeam "Tetherdown Knights"]

1. d4 d5 2. c4 dxc4 3. e4 Nc6 4. Nf3 Nf6 5. Nc3 Bg4 6. Bxc4 Bxf3 7. Qxf3 Nxd4
8. Qd1 Nf3+ 9. Qxf3 e6 10. Qd1 Qxd1+ 11. Kxd1 O-O-O+ 12. Ke1 Bb4 13. Bd2 Bxc3
14. Bxc3 Nxe4 15. Bxg7 Rhg8 16. Bc3 Nxc3 17. bxc3 Rxg2 18. Kf1 Rgg8 19. Ke2 h5
20. Rad1 Rxd1 21. Kxd1 Rd8+ 22. Ke2 c6 23. Rg1 b5 24. Bd3 c5 25. Rg7 f5 26.
Rxa7 c4 27. Bc2 h4 28. Rh7 f4 29. Rxh4 Rf8 30. Kf3 Kd8 31. Rxf4 Ke7 32. Rxf8
Kxf8 33. Ke4 Ke7 34. Kd4 Kd6 35. a4 bxa4 36. Bxa4 e5+ 37. Kxc4 Kc7 38. Kd5 e4
39. Kxe4 Kd8 40. h4 Ke7 41. c4 Kf8 42. c5 Ke7 43. c6 Kd8 44. h5 Kc7 45. h6 Kd8
46. h7 Kc7 47. h8=Q Kd6 48. Qh6+ Kc7 49. Qg7+ Kd6 50. c7 Kc5 51. c8=Q+ Kb4 52.
Qgb7+ Kxa4 53. Qca8# 1-0